Lavanda sa zrodila pri kočíkovaní

Príbeh dvoch kamarátok z detstva o ich spoločnom podnikaní. Zriadenie kaviarne Lavanda v nitrianskom parku. Cieľová skupina - matky s deťmi. Vlastná cesta bez kopírovania.

Salvato in:
Dettagli Bibliografici
Autore principale: Lászlóová, Klaudia
Natura: Capitolo di libro
Lingua:slovacco
Soggetti:
Tags: Aggiungi Tag
Nessun Tag, puoi essere il primo ad aggiungerne!!

MARC

LEADER 00000naa a2200000 4500
001 0221980
005 20231113084033.9
041 0 |a slo 
044 |a SK 
245 1 0 |a Lavanda sa zrodila pri kočíkovaní  |c Klaudia Lászlóová 
520 |a Príbeh dvoch kamarátok z detstva o ich spoločnom podnikaní. Zriadenie kaviarne Lavanda v nitrianskom parku. Cieľová skupina - matky s deťmi. Vlastná cesta bez kopírovania. 
610 2 0 |a podnikanie 
610 2 0 |a podnikatelia 
610 2 0 |a ženy 
610 2 0 |a gastronómia 
610 2 0 |a kaviarne 
100 1 |a Lászlóová, Klaudia